Sociología del crédito y economía de las clases populares /
Este artículo analiza las consecuencias de la extensión del mercado de crédito al consumo en la economía popular. Se basa en un estudio cuantitativo y cualitativo realizado en la periferia de la ciudad de Buenos Aires, Argentina, entre 2009 y 2011. Los resultados muestran la necesidad de revisar cie...
Sábháilte in:
| Príomhchruthaitheoir: | |
|---|---|
| Formáid: | Téacs |
| Ábhair: | |
| Clibeanna: |
Cuir clib leis
Níl clibeanna ann, Bí ar an gcéad duine le clib a chur leis an taifead seo!
|
MARC
| LEADER | 00000 a a2200000 04500 | ||
|---|---|---|---|
| 001 | 46506 | ||
| 003 | |||
| 040 | |||
| 100 | |a Wilkis, Ariel | ||
| 245 | |a Sociología del crédito y economía de las clases populares / |c Ariel Wilkis | ||
| 520 | |a Este artículo analiza las consecuencias de la extensión del mercado de crédito al consumo en la economía popular. Se basa en un estudio cuantitativo y cualitativo realizado en la periferia de la ciudad de Buenos Aires, Argentina, entre 2009 y 2011. Los resultados muestran la necesidad de revisar cierta perspectiva que dominó la interpretación del mundo económico popular en América Latina, para prestar más atención al peso del mercado del crédito y al endeudamiento en ese sector social. | ||
| 590 | |a AMB/DICIEMBRE2014 | ||
| 650 | |a A) SOCIOLOGIA | ||
| 650 | |a B) ECONOMIA | ||
| 650 | |a C) MERCADO | ||
| 650 | |a D) CLASES SOCIALES | ||
| 650 | |a E) ARGENTINA | ||
| 650 | |a F) AMERICA LATINA | ||
| 773 | |g volumen76, número2 ( , 2014), páginas 225-252 : tablas | ||
| 999 | |c 35244 |d 35244 | ||
